000 00277nam a22001337a 4500
082 _a823
_bANA/P
100 _aANAND
245 _aPINOCCHIO
260 _aHAR ANAND PUBLICATIONS
300 _a16
520 _aENGLISH SHORT STORY
650 _aENGLISH SHORT STORY
942 _cBK
999 _c5942
_d5942